| 000 | 006160000a22002050004500 | ||
|---|---|---|---|
| 003 | LK-CoMWRAF | ||
| 005 | 20231030113750.0 | ||
| 008 | 230817t1987 ||||| |||| 00| 0 eng d | ||
| 020 | _a0312006675 | ||
| 040 |
_aLK-CoMWRAF _dLK-CoMWRAF _eLK-CoMWRAF |
||
| 041 | _aeng | ||
| 082 |
_a305.42 _bBUN |
||
| 100 | _aBunch, Charlotte | ||
| 245 |
_aPassionate Politics : essays, 1968-1986: _bFeminist Theory in Action |
||
| 260 |
_aNew York: _bSt. Martin's Press, _c1987 |
||
| 300 | _axiv, 352 p. ; 22 cm. | ||
| 650 | _aFEMINISM-History-20th century. | ||
| 650 | _aFeminism-United States-History-20th century. | ||
| 942 | _cBK | ||
| 999 |
_c608 _d608 |
||